<?xml version="1.0" encoding="UTF-8"?>
<record
    xmlns:xsi="http://www.w3.org/2001/XMLSchema-instance"
    xsi:schemaLocation="http://www.loc.gov/MARC21/slim http://www.loc.gov/standards/marcxml/schema/MARC21slim.xsd"
    xmlns="http://www.loc.gov/MARC21/slim">

  <leader>01187nam a22003017a 4500</leader>
  <controlfield tag="005">20240530110410.0</controlfield>
  <controlfield tag="008">150214s2010    ua ce  a      001 0 ara d</controlfield>
  <datafield tag="017" ind1=" " ind2=" ">
    <subfield code="a">15257/2009</subfield>
    <subfield code="b">&#x645;&#x635;&#x631; . &#x62F;&#x627;&#x631; &#x627;&#x644;&#x643;&#x62A;&#x628; &#x627;&#x644;&#x645;&#x635;&#x631;&#x64A;&#x629;</subfield>
  </datafield>
  <datafield tag="020" ind1=" " ind2=" ">
    <subfield code="a">9771439073</subfield>
  </datafield>
  <datafield tag="040" ind1=" " ind2=" ">
    <subfield code="a">EG-CaGPL</subfield>
  </datafield>
  <datafield tag="041" ind1="0" ind2=" ">
    <subfield code="a">ara</subfield>
  </datafield>
  <datafield tag="082" ind1="0" ind2="4">
    <subfield code="2">21</subfield>
    <subfield code="a">722</subfield>
    <subfield code="b">&#x637;/&#x646; &#x631;</subfield>
  </datafield>
  <datafield tag="100" ind1="1" ind2=" ">
    <subfield code="a">&#x645;&#x648;&#x631;&#x644;&#x649; &#x60C; &#x62C;&#x627;&#x643;&#x644;&#x64A;&#x646;</subfield>
    <subfield code="q">&#x62C;&#x627;&#x643;&#x644;&#x64A;&#x646; &#x645;&#x648;&#x631;&#x644;&#x649;</subfield>
  </datafield>
  <datafield tag="245" ind1="1" ind2="2">
    <subfield code="a">&#x627;&#x644;&#x645;&#x642;&#x628;&#x631;&#x629; &#x627;&#x644;&#x645;&#x635;&#x631;&#x64A;&#x629; &#x627;&#x644;&#x642;&#x62F;&#x64A;&#x645;&#x629; /</subfield>
    <subfield code="c">&#x62A;&#x627;&#x644;&#x64A;&#x641; &#x62C;&#x627;&#x643;&#x644;&#x64A;&#x646; &#x645;&#x648;&#x631;&#x644;&#x649; &#x61B; &#x62A;&#x631;&#x62C;&#x645;&#x629; &#x646;&#x647;&#x636;&#x629; &#x645;&#x635;&#x631; &#x61B; &#x627;&#x634;&#x631;&#x627;&#x641; &#x62F;&#x627;&#x644;&#x64A;&#x627; &#x645;&#x62D;&#x645;&#x62F; &#x627;&#x628;&#x631;&#x627;&#x647;&#x64A;&#x645;</subfield>
  </datafield>
  <datafield tag="250" ind1=" " ind2=" ">
    <subfield code="a">&#x637;1</subfield>
  </datafield>
  <datafield tag="260" ind1=" " ind2=" ">
    <subfield code="a">&#x627;&#x644;&#x642;&#x627;&#x647;&#x631;&#x629; :</subfield>
    <subfield code="b">&#x646;&#x647;&#x636;&#x629; &#x645;&#x635;&#x631; &#x644;&#x644;&#x637;&#x628;&#x627;&#x639;&#x629; &#x648;&#x627;&#x644;&#x646;&#x634;&#x631; &#x648;&#x627;&#x644;&#x62A;&#x648;&#x632;&#x64A;&#x639; &#x60C;</subfield>
    <subfield code="c">2010</subfield>
  </datafield>
  <datafield tag="300" ind1=" " ind2=" ">
    <subfield code="a">45 &#x635; :</subfield>
    <subfield code="b">&#x627;&#x64A;&#x636; &#x61B;</subfield>
    <subfield code="c">28 &#x633;&#x645;</subfield>
  </datafield>
  <datafield tag="490" ind1="0" ind2=" ">
    <subfield code="a">&#x631;&#x648;&#x627;&#x626;&#x639; &#x627;&#x644;&#x639;&#x645;&#x627;&#x631;&#x629; &#x627;&#x644;&#x642;&#x62F;&#x64A;&#x645;&#x629;</subfield>
  </datafield>
  <datafield tag="650" ind1="0" ind2="4">
    <subfield code="a">&#x627;&#x644;&#x627;&#x637;&#x641;&#x627;&#x644;</subfield>
    <subfield code="x">&#x642;&#x635;&#x635;</subfield>
  </datafield>
  <datafield tag="650" ind1="0" ind2="4">
    <subfield code="a">&#x627;&#x644;&#x62A;&#x62D;&#x646;&#x64A;&#x637;</subfield>
  </datafield>
  <datafield tag="650" ind1="0" ind2="4">
    <subfield code="a">&#x648;&#x627;&#x62F;&#x649; &#x627;&#x644;&#x645;&#x644;&#x648;&#x643;</subfield>
  </datafield>
  <datafield tag="650" ind1="0" ind2="4">
    <subfield code="a">&#x627;&#x644;&#x639;&#x645;&#x627;&#x631;&#x629; &#x627;&#x644;&#x645;&#x635;&#x631;&#x64A;&#x629; &#x627;&#x644;&#x642;&#x62F;&#x64A;&#x645;&#x629;</subfield>
  </datafield>
  <datafield tag="700" ind1="1" ind2=" ">
    <subfield code="a">&#x647;&#x648;&#x64A;&#x62A;&#x633;&#x648;&#x646; &#x60C; &#x646;&#x64A;&#x643;</subfield>
    <subfield code="e">&#x631;&#x633;&#x627;&#x645;</subfield>
  </datafield>
  <datafield tag="700" ind1="0" ind2=" ">
    <subfield code="a">&#x62F;&#x627;&#x644;&#x64A;&#x627; &#x645;&#x62D;&#x645;&#x62F; &#x627;&#x628;&#x631;&#x627;&#x647;&#x64A;&#x645;</subfield>
    <subfield code="e">&#x645;&#x634;&#x631;&#x641;</subfield>
  </datafield>
  <datafield tag="710" ind1="2" ind2=" ">
    <subfield code="a">&#x646;&#x647;&#x636;&#x629; &#x645;&#x635;&#x631;</subfield>
    <subfield code="e">&#x645;&#x62A;&#x631;&#x62C;&#x645;</subfield>
  </datafield>
  <datafield tag="942" ind1=" " ind2=" ">
    <subfield code="2">ddc</subfield>
    <subfield code="c">BK</subfield>
  </datafield>
  <datafield tag="999" ind1=" " ind2=" ">
    <subfield code="c">60435</subfield>
    <subfield code="d">60435</subfield>
  </datafield>
  <datafield tag="952" ind1=" " ind2=" ">
    <subfield code="0">0</subfield>
    <subfield code="1">0</subfield>
    <subfield code="4">0</subfield>
    <subfield code="7">0</subfield>
    <subfield code="a">CAI</subfield>
    <subfield code="b">CAI</subfield>
    <subfield code="d">2015-02-14</subfield>
    <subfield code="l">0</subfield>
    <subfield code="o">722 &#x637;/&#x646; &#x631;</subfield>
    <subfield code="p">159481</subfield>
    <subfield code="r">2015-02-14 00:00:00</subfield>
    <subfield code="w">2015-02-14</subfield>
    <subfield code="y">BK</subfield>
  </datafield>
</record>
